00965nam a22002657a 45000010005000000030006000050050017000110080041000280200018000690400029000870500015001160820010001311000023001412450040001642600033002043000047002375050007002845200151002915210027004425210019004696500036004889420015005249990015005399520145005546983FISKH20250613144515.0250613b cb ||||| |||| 00| 0 eng d a9788956353197 aFISKHbengcFISKHdFISKH aPZ8.P426 S a398.2 aPerrault, Charles  aSleeping beauty /cCharles Perrault aSeoul : bE-Future, c2009.  a18 pages : bcolor illustrations ; c21 cm aG  aisgruntled at not being invited to the princess' christening, the wicked fairy casts a spell that dooms the princess to sleep for a hundred years.8 a300 bLexile estimate 8 aG bRaz-Plus  aFairy talevThe Evergreen Tales 2ddccBKn0 c6983d6983 00102ddc40708JUVFa001b001cTK Green 7-57-60d2025-06-13l0oPER 398.2 PZ8.P426 S pFISBK02546r2025-06-13 14:45:13t1w2025-06-13yBK